Madrid, noche y día / (Record no. 70416)

MARC details
000 -LEADER
campo de control de longitud fija 00471nam a2200169 i 4500
001 - NÚMERO DE CONTROL
campo de control 70416
003 - IDENTIFICADOR DE NÚMERO DE CONTROL
campo de control ES-MaACL
005 - FECHA Y HORA DE LA ÚLTIMA TRANSACCIÓN
campo de control 20230906170819.0
007 - CAMPO FIJO DE DESCRIPCIÓN FÍSICA--INFORMACIÓN GENERAL
campo de control de longitud fija t|
008 - DATOS DE LONGITUD FIJA--INFORMACIÓN GENERAL
campo de control de longitud fija 040723s1955 sp ||||1| spa d
100 1# - ENTRADA PRINCIPAL--NOMBRE DE PERSONA
Nombre de persona García Serrano, Rafael.
9 (RLIN) 55295
245 10 - MENCIÓN DEL TÍTULO
Título Madrid, noche y día /
Mención de responsabilidad, etc. Rafael García Serrano.
250 ## - MENCION DE EDICION
Mención de edición [1ª ed.].
260 ## - PUBLICACIÓN, DISTRIBUCIÓN, ETC.
Lugar de publicación, distribución, etc. Madrid :
Nombre del editor, distribuidor, etc. Acies,
Fecha de publicación, distribución, etc. 1955 (
Fabricante Carmona)
300 ## - DESCRIPCIÓN FÍSICA
Extensión 312 p., 8 lám. ;
Dimensiones 21 cm.
852 ## - LOCALIZACIÓN
Ubicación ES-MaACL
Número de control de estantería C-10330
Sublocalización o colección R.38551
Holdings
Estatus retirado Estado de pérdida Estado de daño No para préstamo Biblioteca de origen Biblioteca actual Ubicación en estantería Fecha de adquisición Fuente de adquisición Total de préstamos Signatura topográfica completa Código de barras Visto por última vez Precio de reemplazo Tipo de ítem Koha
        Biblioteca del Ateneo de Madrid Biblioteca del Ateneo de Madrid Sala Palomar 17/01/2008     C-10330 1073736 23/02/2023 23/02/2023 Libro impreso